[Event "Corus"]
[Site "Wijk aan Zee"]
[Date "2002.01.17"]
[Round "5"]
[White "Grischuk, Alexander"]
[Black "Gurevich, Mikhail"]
[Result "1/2-1/2"]
[WhiteElo "2671"]
[BlackElo "2641"]
[Annotator "Psakhis,L"]
[PlyCount "84"]
[EventDate "2002.01.12"]
[EventType "tourn"]
[EventRounds "13"]
[EventCountry "NED"]
[EventCategory "18"]
[SourceTitle "CBM 087"]
[Source "ChessBase"]
[SourceDate "2002.03.21"]
[SourceVersion "1"]
[SourceVersionDate "2002.03.21"]
[SourceQuality "1"]

1. e4 e6 2. d4 d5 3. e5 {According to my datebase it is already 6th game in
Advance variation between two great experts of French defence.} c5 4. c3 Bd7 5.
Nf3 Qb6 {[%cal Gd7b5] Mikhail Gurevich likes this line and plays it very
strongly.} 6. Bd3 {Grischuk choose in previous games or} (6. Be2) ({or} 6. a3)
6... cxd4 (6... Bb5 {is more common, maybe Gurevich didn't like sharp} 7. dxc5
Bxc5 8. b4 $5 {with big complications?}) 7. Nxd4 $5 {Rare and interesting move,
black has nothing to worry about after " normal "} (7. cxd4 Bb5) 7... Nc6 (7...
Ne7 8. O-O Nbc6 9. Nf3 Ng6 10. Qe2 Qc7 11. Re1 Be7 12. b4 a6 13. Bd2 O-O 14. h4
f5 15. h5 Nh8 16. a3 Nf7 17. Bf4 b5 18. a4 bxa4 19. Bxa6 d4 20. b5 Nb8 21. Nxd4
Nxa6 22. bxa6 {Blokhuis,J-De Jong,M/Amsterdam LB op 2001/The Week in Chess 354/
0-1 (48)}) 8. Nxc6 Bxc6 ({Worth considering} 8... bxc6 {but I suspect that
white's chances are slightly better and in this case, for example} 9. O-O Ne7
10. Kh1 a5 11. c4 dxc4 12. Bxc4 Nd5 13. Qg4 h5 14. Qe4 Rd8 15. Nd2 Bc8 16. Nf3
$14 {0-1 Jonkman,H-Barsov,A/Wijk aan Zee-C 1997 (61)}) 9. Qe2 Ne7 10. Nd2 $146
{[%csl Gd4][%cal Gd2f3,Gf3d4] White knight soon will come to important d4
square and it is not easy for black to organaize any counterplay - white's
advantage maybe not big but very stable.} (10. O-O Ng6 11. Be3 Bc5 12. Bxc5
Qxc5 13. Rd1 Rd8 14. Bxg6 hxg6 15. Rd4 Rh5 16. Nd2 Ke7 17. Nf3 Rdh8 18. Re1 Qa5
19. a3 Qb6 20. h4 R5h6 21. g3 Rc8 22. Qd2 Rh5 23. Ng5 Bd7 24. Rb4 Qa6 {Beikert,
G-Hillermann,V/BL 1995/1-0 (36)}) 10... Ng6 11. Nf3 {[%csl Gd4]} Be7 12. O-O
Qc7 13. Bd2 $14 Bd7 14. Rae1 O-O 15. Nd4 Bc5 16. Qh5 Bxd4 17. cxd4 f5 ({After} 
17... Qb6 18. Re3 $1 (18. Bc3 $2 Bb5) 18... Qxd4 19. Rh3 h6 20. Bxh6 $18 {
wins immediately}) 18. exf6 Rxf6 19. Bg5 Rf7 20. Bxg6 $1 (20. Re3 {[%cal Re3h3]
looks very promising for white, but after} Nf8 $8 21. Rh3 (21. Bxh7+ Nxh7 22.
Rh3 Qc2 $1) 21... g6 (21... h6 $2 22. Bxh6 gxh6 23. Qxh6 $18) 22. Qh4 e5 $1 $13
{black's position is better than it looks}) 20... hxg6 21. Qxg6 Qb6 22. Rd1 $6
{Grischuk won theoretical duel and was very close to win and game} ({After
simple} 22. Re3 $142 $1 {it's will be very difficult to protect black king,
for example:} Qxd4 23. Rh3 Rf5 (23... Qe4 24. Qh5 $18) 24. Be3 Qf6 25. Qh7+ Kf7
26. g4 $1 Rf3 27. Qh5+ Kg8 (27... g6 28. Qh7+) 28. Qh8+ Kf7 29. Qxa8 Rxh3 30.
Qxb7 $18 {with decisive advantage.}) 22... Qxb2 23. Rd2 Qc3 24. h4 ({After
natural} 24. Rd3 {Black could solve all problems with} Qc2 $1 {[%cal Rd7b5,
Gc2g6]}) 24... Raf8 25. Rb1 b6 26. Rb3 Qa1+ 27. Rb1 Qc3 28. Rb3 Qa1+ 29. Kh2
Qe1 (29... e5 {[%cal Gd7f5]} 30. Qd6 $1 exd4 31. Qxd5 $16) 30. Rb1 {What else?
After} (30. f3 $2 Rf4 $1 {Black is getting winning attack -} 31. Qd3 $140 (31.
Bxf4 Qxh4+ 32. Kg1 Qe1+ 33. Kh2 Rxf4 $19) 31... Rxh4+ 32. Bxh4 Qxh4+ 33. Kg1
Qe1+ 34. Kh2 Rf4) 30... Qe4 $8 31. Qxe4 dxe4 32. Kg3 Rc8 33. Rb3 ({Possibly
that} 33. Re1 Rc3+ 34. Re3 $14 {was slightly stronger than text}) 33... Rc4 34.
Bf4 Bc6 {[%cal Gc6d5]} 35. Be5 Bd5 36. Ra3 b5 {[%csl Gc4,Gd5]} 37. Rb2 (37. Bb8
$5 {was the last chance in the fight for advantage.}) 37... b4 38. Ra4 Rc3+ 39.
Kg4 (39. Kh2 e3 40. fxe3 Rxe3 41. Raxb4 Ra3 $11) 39... e3 $1 $11 40. fxe3 Rxe3
41. Raxb4 Kh7 42. Rb8 Re4+ $44 1/2-1/2

[Event "Corus"]
[Site "Wijk aan Zee"]
[Date "2002.01.26"]
[Round "12"]
[White "Grischuk, Alexander"]
[Black "Khalifman, Alexander"]
[Result "1-0"]
[WhiteElo "2671"]
[BlackElo "2688"]
[Annotator "Ftacnik,L"]
[PlyCount "87"]
[EventDate "2002.01.12"]
[EventType "tourn"]
[EventRounds "13"]
[EventCountry "NED"]
[EventCategory "18"]
[SourceTitle "CBM 087"]
[Source "ChessBase"]
[SourceDate "2002.03.21"]
[SourceVersion "1"]
[SourceVersionDate "2002.03.21"]
[SourceQuality "1"]

1. e4 c5 2. Nf3 e6 3. d4 cxd4 4. Nxd4 Nc6 5. Nc3 Qc7 6. Be2 a6 7. O-O Nf6 8.
Be3 Be7 9. f4 d6 10. Kh1 O-O 11. a4 Re8 12. Bf3 Bf8 13. g4 Nxd4 14. Bxd4 e5 15.
Bg1 exf4 16. g5 Nd7 17. Nd5 Qd8 18. Bg2 Re5 19. Qd2 {[%mdl 4] The positional
compensation for the pawn is quite obvious, Khalifam will struggle just to
finish the piece development.} Rxg5 (19... Qxg5 20. Nc7 Rb8 21. Ba7 $14) 20.
Qxf4 f6 21. Ra3 $1 Ne5 (21... Nc5 22. b4 Rg4 23. Qe3 Ne6 24. Qe2 Rg6 25. Be3
$36) 22. Bb6 Qd7 23. Rg3 Rg6 (23... Rxg3 24. Qxg3 Kh8 25. Qc3 Nc6 26. b4 $14) (
23... Rg4 24. Rxg4 Nxg4 25. Qg3 $14) 24. Rc3 Qg4 (24... Qxa4 $2 25. Nc7 Rb8 26.
Ba7 Nc6 27. Bxb8 Nxb8 28. Nxa6 $16) (24... Nc6 25. a5 $36) 25. Qd2 Bd7 26. Nf4
Bc6 $2 {The exchange sacrifice is seemingly building a very compact position,
but black was certainly not forced to make it.} (26... Rh6 27. Qd5+ Kh8 28.
Qxb7 Rc8 29. Rxc8 Bxc8 30. Qb8 $14) 27. Rg3 Qd7 (27... Qh4 28. Nxg6 Nxg6 29.
Bf2 $16) 28. Nxg6 hxg6 (28... Nxg6 29. b3 $14) 29. b3 Re8 (29... g5 30. c4 Re8
31. Bd4 Qe6 (31... Ng6 32. Bxf6 gxf6 33. Rxf6 $18) 32. a5 $14) 30. h4 $1 Qf7
31. Bd4 Nd7 32. Qf4 Nc5 (32... d5 33. exd5 Bxd5 34. c4 Bxg2+ 35. Rxg2 $16) 33.
Bxc5 dxc5 34. e5 $1 {Black's unpenetrable castle will fall apart due to the
spirited attack.} Re6 (34... Bxg2+ 35. Rxg2 Rxe5 (35... Re6 36. h5 $1 Rxe5 37.
Qxe5 fxe5 38. Rxf7 Kxf7 39. Rxg6 $18) 36. Qxe5 fxe5 37. Rxf7 Kxf7 38. Rf2+ Ke8
39. Rd2 $16) 35. Bxc6 Rxc6 36. c4 (36. Qe4 f5 $1 37. Rgf3 Qe6 $14) 36... Re6 (
36... f5 37. h5 gxh5 38. Qxf5 $16) 37. Rgf3 f5 38. h5 Be7 (38... gxh5 39. Qxf5
Qxf5 40. Rxf5 Be7 41. Rxh5 g6 42. Rg1 $18) 39. hxg6 Qxg6 40. Qxf5 Qxf5 41. Rxf5
g6 42. Rg1 Kh7 43. Rf7+ Kg8 44. Rf3 1-0

[Event "Corus"]
[Site "Wijk aan Zee"]
[Date "2002.01.27"]
[Round "13"]
[White "Lautier, Joel"]
[Black "Grischuk, Alexander"]
[Result "1/2-1/2"]
[WhiteElo "2687"]
[BlackElo "2671"]
[PlyCount "82"]
[EventDate "2002.01.12"]
[EventType "tourn"]
[EventRounds "13"]
[EventCountry "NED"]
[EventCategory "18"]
[SourceTitle "CBM 087"]
[Source "ChessBase"]
[SourceDate "2002.03.21"]
[SourceVersion "1"]
[SourceVersionDate "2002.03.21"]
[SourceQuality "1"]

1. d4 d5 2. c4 e6 3. Nc3 c5 4. cxd5 exd5 5. Nf3 Nc6 6. g3 Nf6 7. Bg2 Be7 8. O-O
O-O 9. Bg5 c4 10. Ne5 Be6 11. Nxc6 bxc6 12. b3 Qa5 13. Qc2 Rfd8 14. e3 Rac8 15.
bxc4 dxc4 16. Ne4 Qf5 17. Rac1 c5 18. dxc5 Rd3 19. Bxf6 gxf6 20. Qb2 Qe5 21.
Qb7 Qc7 22. c6 Bd5 23. Bh3 Qxb7 24. cxb7 Rb8 25. Bf5 Ra3 26. Rfd1 Ra5 27. Rxd5
Rxd5 28. Bc8 f5 29. Nc3 Rc5 30. Kf1 Bf6 31. Ke2 Kf8 32. Rc2 Ke7 33. Kd2 Kd6 34.
Rb2 Ra5 35. Kc2 Kc5 36. Bxf5 Bxc3 37. Kxc3 Ra3+ 38. Kc2 c3 39. Rb1 Rxa2+ 40.
Kxc3 Rxf2 41. Bxh7 Rxh2 1/2-1/2

[Event "FRA-chT1"]
[Site "France"]
[Date "2002.??.??"]
[Round "4.3"]
[White "Grischuk, Alexander"]
[Black "Wirig, Anthony"]
[Result "1-0"]
[WhiteElo "2671"]
[BlackElo "2304"]
[PlyCount "75"]
[EventDate "2002.02.??"]
[EventType "team"]
[EventRounds "11"]
[EventCountry "FRA"]
[SourceTitle "EXT 2003"]
[Source "ChessBase"]
[SourceDate "2002.11.25"]
[SourceVersion "1"]
[SourceVersionDate "2002.11.25"]
[SourceQuality "1"]
[WhiteTeam "Paris NAO"]
[BlackTeam "Vandoeuvre"]
[WhiteTeamCountry "FRA"]
[BlackTeamCountry "FRA"]

1. e4 c5 2. Nf3 Nc6 3. Bb5 g6 4. Bxc6 dxc6 5. d3 Bg7 6. h3 e5 7. a3 Qe7 8. Nbd2
Nf6 9. b4 O-O 10. O-O Re8 11. Nc4 Nd7 12. c3 Nb6 13. Na5 Be6 14. Bg5 Qc7 15.
Be3 Nd7 16. Ng5 Rad8 17. Qc2 h6 18. Nxe6 Rxe6 19. Nb3 cxb4 20. axb4 a6 21. f4
exf4 22. Bxf4 Qc8 23. d4 Rde8 24. Nd2 Nb6 25. Rf3 Qd7 26. Raf1 R6e7 27. Bg3 Qe6
28. Bh4 g5 29. Bg3 Nc4 30. e5 Nxd2 31. Qxd2 Rd7 32. Rf5 Qg6 33. Qf2 Re6 34. h4
gxh4 35. Bxh4 Kf8 36. Qf3 Kg8 37. Qh3 Kf8 38. R5f3 1-0

[Event "FRA-chT1"]
[Site "France"]
[Date "2002.??.??"]
[Round "7.2"]
[White "Grischuk, Alexander"]
[Black "Sokolov, Andrei"]
[Result "1/2-1/2"]
[WhiteElo "2671"]
[BlackElo "2614"]
[PlyCount "72"]
[EventDate "2002.02.??"]
[EventType "team"]
[EventRounds "11"]
[EventCountry "FRA"]
[SourceTitle "EXT 2003"]
[Source "ChessBase"]
[SourceDate "2002.11.25"]
[SourceVersion "1"]
[SourceVersionDate "2002.11.25"]
[SourceQuality "1"]
[WhiteTeam "Paris NAO"]
[BlackTeam "Mulhouse"]
[WhiteTeamCountry "FRA"]
[BlackTeamCountry "FRA"]

1. e4 c5 2. Nf3 e6 3. d4 cxd4 4. Nxd4 Nf6 5. Nc3 d6 6. g4 h6 7. Be3 Nc6 8. h3
Be7 9. Qd2 d5 10. Bb5 Bd7 11. exd5 Nxd5 12. Nxd5 exd5 13. Nf5 Bxf5 14. gxf5 a6
15. Bxc6+ bxc6 16. O-O-O Qd6 17. Rhg1 Bf6 18. Bd4 Bg5 19. Rde1+ Kd7 20. Be3 Bf6
21. Bf4 Qc5 22. Re3 Rhe8 23. Rb3 Ke7 24. Rb7+ Kf8 25. Bxh6 Qd4 26. Be3 Qxd2+
27. Kxd2 Re5 28. c3 Rxf5 29. Rb6 Rd8 30. Rxc6 d4 31. cxd4 Bxd4 32. Bxd4 Rxd4+
33. Ke3 Rdf4 34. Rc8+ Ke7 35. Rxg7 Rxf2 36. Rb8 R2f3+ 1/2-1/2

[Event "Moscow Aeroflot op"]
[Site "Moscow"]
[Date "2002.02.05"]
[Round "2"]
[White "Jobava, Baadur"]
[Black "Grischuk, Alexander"]
[Result "1/2-1/2"]
[WhiteElo "2556"]
[BlackElo "2671"]
[PlyCount "42"]
[EventDate "2002.02.04"]
[EventType "swiss"]
[EventRounds "9"]
[EventCountry "RUS"]
[SourceTitle "CBM 088"]
[Source "ChessBase"]
[SourceDate "2002.03.21"]
[SourceVersion "1"]
[SourceVersionDate "2002.03.21"]
[SourceQuality "1"]

1. d4 d5 2. c4 e6 3. Nf3 c5 4. Nc3 Nc6 5. cxd5 exd5 6. g3 Nf6 7. Bg2 Be7 8. Bg5
c4 9. Ne5 O-O 10. O-O Be6 11. b3 Qa5 12. Na4 Rac8 13. Nxc6 Rxc6 14. bxc4 Rxc4
15. Nb2 Rc7 16. Nd3 Ne4 17. Bxe7 Rxe7 18. Nf4 Bf5 19. Qe1 Qxe1 20. Rfxe1 Rd8
21. Rac1 g5 1/2-1/2

[Event "Moscow Aeroflot op"]
[Site "Moscow"]
[Date "2002.02.07"]
[Round "4"]
[White "Rychagov, Andrey"]
[Black "Grischuk, Alexander"]
[Result "1/2-1/2"]
[WhiteElo "2544"]
[BlackElo "2671"]
[PlyCount "29"]
[EventDate "2002.02.04"]
[EventType "swiss"]
[EventRounds "9"]
[EventCountry "RUS"]
[SourceTitle "CBM 088"]
[Source "ChessBase"]
[SourceDate "2002.03.21"]
[SourceVersion "1"]
[SourceVersionDate "2002.03.21"]
[SourceQuality "1"]

1. d4 d5 2. c4 dxc4 3. Nf3 e6 4. e3 c5 5. Bxc4 a6 6. O-O Nf6 7. dxc5 Qxd1 8.
Rxd1 Bxc5 9. Nbd2 O-O 10. Be2 Rd8 11. b3 b6 12. Bb2 Bb7 13. Ne5 Nbd7 14. Nd3
Be7 15. Rac1 1/2-1/2

[Event "Moscow Aeroflot op"]
[Site "Moscow"]
[Date "2002.02.07"]
[Round "5"]
[White "Grischuk, Alexander"]
[Black "Sulskis, Sarunas"]
[Result "1-0"]
[WhiteElo "2671"]
[BlackElo "2579"]
[PlyCount "109"]
[EventDate "2002.02.04"]
[EventType "swiss"]
[EventRounds "9"]
[EventCountry "RUS"]
[SourceTitle "CBM 088"]
[Source "ChessBase"]
[SourceDate "2002.03.21"]
[SourceVersion "1"]
[SourceVersionDate "2002.03.21"]
[SourceQuality "1"]

1. e4 e5 2. Nf3 Nc6 3. Bb5 a6 4. Ba4 Nf6 5. O-O Be7 6. Re1 b5 7. Bb3 O-O 8. a4
Bb7 9. d3 d6 10. Nbd2 Re8 11. Nf1 Bf8 12. Bd2 g6 13. c4 b4 14. a5 Nd7 15. Ba4
Rb8 16. Ne3 Bh6 17. Nd5 Bxd2 18. Qxd2 Kg7 19. Bxc6 Bxc6 20. Nxb4 Bb7 21. Na2
Nc5 22. Qc2 f5 23. Nc3 Rf8 24. b4 fxe4 25. dxe4 Ne6 26. Rad1 Rxf3 27. gxf3 Qh4
28. Kh1 Rf8 29. Re3 Bc8 30. Rg1 Nd4 31. Qd3 Qxf2 32. Rg2 Qh4 33. Ne2 Ne6 34.
Qd2 Ng5 35. Ng1 Ne6 36. Ne2 Ng5 37. Rg3 Bb7 38. Ng1 Ne6 39. Rd3 Nf4 40. Rb3 Qe7
41. Ne2 Ne6 42. Qe3 h5 43. Rb1 Kh7 44. Rbg1 g5 45. Rxg5 Nxg5 46. Rxg5 h4 47.
Rh5+ Kg6 48. Qh6+ Kf7 49. Rg5 Ke8 50. Rg7 Rf7 51. Qg6 Bc6 52. Nc3 Qf6 53. Qxf7+
Qxf7 54. Rxf7 Kxf7 55. Nd5 1-0

[Event "Moscow Aeroflot op"]
[Site "Moscow"]
[Date "2002.02.08"]
[Round "6"]
[White "Yemelin, Vasily"]
[Black "Grischuk, Alexander"]
[Result "1/2-1/2"]
[WhiteElo "2522"]
[BlackElo "2671"]
[PlyCount "77"]
[EventDate "2002.02.04"]
[EventType "swiss"]
[EventRounds "9"]
[EventCountry "RUS"]
[SourceTitle "CBM 088"]
[Source "ChessBase"]
[SourceDate "2002.03.21"]
[SourceVersion "1"]
[SourceVersionDate "2002.03.21"]
[SourceQuality "1"]

1. e4 e5 2. Nf3 Nc6 3. Bb5 a6 4. Ba4 Nf6 5. O-O Be7 6. Re1 b5 7. Bb3 d6 8. c3
O-O 9. d3 Na5 10. Bc2 c5 11. Nbd2 Nc6 12. Nf1 Re8 13. h3 h6 14. Ne3 Bf8 15. a4
b4 16. Bb3 Rb8 17. Nd5 Na5 18. Nxf6+ Qxf6 19. Bd5 bxc3 20. bxc3 Be6 21. Bxe6
Qxe6 22. c4 Be7 23. Bd2 Nc6 24. a5 Rb7 25. Qa4 Qd7 26. Reb1 Reb8 27. Rxb7 Rxb7
28. g3 Nd4 29. Qxd7 Nxf3+ 30. Kg2 Rxd7 31. Kxf3 Rb7 32. Ra2 Bg5 33. Ke2 Bxd2
34. Kxd2 h5 35. Kc3 Kh7 36. Rb2 Rxb2 37. Kxb2 h4 38. Kc2 g5 39. g4 1/2-1/2

[Event "Moscow Aeroflot op"]
[Site "Moscow"]
[Date "2002.02.09"]
[Round "7"]
[White "Grischuk, Alexander"]
[Black "Sargissian, Gabriel"]
[Result "1-0"]
[WhiteElo "2671"]
[BlackElo "2515"]
[Annotator "Lukacs,P"]
[PlyCount "85"]
[EventDate "2002.02.04"]
[EventType "swiss"]
[EventRounds "9"]
[EventCountry "RUS"]
[SourceTitle "CBM 088"]
[Source "ChessBase"]
[SourceDate "2002.03.21"]
[SourceVersion "1"]
[SourceVersionDate "2002.03.21"]
[SourceQuality "1"]

1. e4 c6 2. d4 d5 3. e5 Bf5 4. Nc3 Qb6 5. Nf3 e6 6. Be2 Nd7 7. O-O Ne7 8. b3
Bg4 (8... c5 {is the crucial test of the whole system. Opening up the position
with little developed pieces is always dangerous.} 9. dxc5 (9. Na4 Qc7 10. Nxc5
Nxc5 11. dxc5 Qxc5 (11... Nc6 $6 {Black can win >< e5, but White's advantage
on the << remains undisputed.} 12. Be3 Bg4 13. Bb5 Bxf3 14. Qxf3 Qxe5 15. c4
$16 {V.Popov-Burmakin, RUS Cup Kazan 2001}) 12. Nd4 a6 (12... Bg6 13. Be3 $16)
13. Bb2 $13 (13. Be3 Qc7 (13... Qc3 14. Bd3 Bg6 15. f4 $14) 14. f4 Qc3 $5 $13))
9... Nxc5 10. Nd4 a6 11. Be3 {- Shirov-Hracek, Ostrava m 1998 CBM 68}) 9. Na4
Qc7 10. c4 {If Black allows White to maintain the space advantage, he will be
pushed to the wall.} Rd8 {Black wants to use the R in case of opening the [+]
via c6-c5.} (10... dxc4 $5 {- Van den Doel-P.Nielsen, North Sea Cup 2001 CBM 85
}) (10... Nf5 {- Bergez-Weiss, Mitropa Cup Baden SU 1999 CBM 71}) (10... b5 {
- Shirov-Hracek, Ostrava Match CZE 1998 CBM 68}) (10... Nb6 11. Nb2 {avoiding
the exchanges having a space advantage is recommended by the general rule.}
dxc4 12. Nxc4 {Now Black gets the important d5 square.} (12. bxc4 $5) 12...
Ned5 13. Bd2 Be7 14. Ng5 Bxe2 15. Qxe2 O-O 16. Qe4 Bxg5 17. Bxg5 Qd7 18. Rae1
Rae8 19. Qh4 f5 {and White's dream of attack cannot be realized.} 20. exf6 Nxf6
21. Ne5 Qc7 $13 {Kobalija-Kharitonov, Novgorod Open RUS 1999}) (10... Ng6 11.
h3 Bxf3 12. Bxf3 b5 13. Nc3 bxc4 14. bxc4 Be7 15. g3 O-O 16. h4 Rfb8 17. h5 {
It is time to gain a big space advantage on both flanks!} Ngf8 18. h6 g6 19. c5
$1 $14 {Sutovsky-Magem Badals, Elista ol (Men) 1998}) (10... Bxf3 $6 {is
clearly premature.} 11. Bxf3 Nb6 12. Nxb6 Qxb6 13. c5 $1 {maintaining the
pressure on the <<.} Qc7 14. b4 Ng6 15. Qe2 Be7 16. Bg4 Nh4 17. Rb1 g6 18. Bh6
Nf5 19. Bxf5 gxf5 20. b5 $16 {Moser-Lendwai, AUT-ch Mureck 2001}) (10... c5 $6
{helps the better developed white pieces.} 11. Nc3 Qc6 12. Nb5 Nf5 13. dxc5
Bxf3 14. Bxf3 Bxc5 15. a4 Ne7 16. cxd5 Nxd5 17. Bb2 $16 {Atatabo-J.Santos,
Manila olm 1992}) 11. Nh4 (11. Ng5 Bxe2 12. Qxe2 dxc4 13. bxc4 {- Van den
Doel-P.Nielsen, North Sea Cup 2001 CBM 85}) (11. c5 {again comes into
consideration.} Ng6 12. h3 Bxf3 13. Bxf3 Be7 14. Bg4 O-O 15. f4 $14 {with a
huge space advantage on both flanks.}) 11... Bxe2 12. Qxe2 Nb6 $6 ({It was
high time to do something in the [+]:} 12... dxc4 13. bxc4 c5 $1 $132) 13. Nxb6
Qxb6 14. Be3 $14 (14. c5 {immediately was also tempting.} Qc7 (14... Qa6 15.
Qxa6 bxa6 16. Bd2 $14 {and Black's << P formation is shattered.}) 15. b4 $14)
14... Ng6 15. Nf3 (15. c5 {was possible, as usual.} Qc7 16. Nf3 $1 {White has
to avoid the exchanges, the black pieces are very passive.} (16. Bg5 Be7 $11)
16... Be7 (16... Ne7 17. b4 Nf5 18. b5 Be7 19. Rfb1 $14) 17. b4 $14) 15... Ne7
$6 {Striving to f5, but this is too slow.} (15... Be7 16. c5 Qc7 17. b4 $14)
16. c5 Qa6 $2 {[%mdl 16384]} (16... Qc7 17. b4 $14) 17. Qxa6 bxa6 {Now Black's
P structure is irreversibiliy weakened.} 18. b4 $1 {/\ Rb1-b3-a3 >< a6} (18.
Bd2 Rb8 19. h4 $14) 18... Nf5 19. Rfb1 Nxe3 20. fxe3 {White is not sad giving
away his passive B.} Rb8 21. Rb3 g5 $6 {Black desperately wants to change the
course of the game.} (21... Be7 {allows White to complete his plan.} 22. Ra3 $1
(22. Rab1 Bd8 23. Ra3 a5 24. Rab3 axb4 25. Rxb4 Rxb4 26. Rxb4 a5 27. Rb7 $14)
22... Rxb4 23. Rxa6 $16) 22. Nxg5 Bh6 23. Nf3 a5 24. Rab1 (24. bxa5 Rxb3 25.
axb3 Bxe3+ 26. Kf1 Ke7 27. Ke2 $16) 24... Kd7 25. bxa5 $18 {White is simply
two pawns up, this is too much.} Kc7 (25... Bxe3+ 26. Kf1 Kc7 27. a6 $18) 26.
Kf2 Rxb3 27. Rxb3 Rb8 28. Rxb8 Kxb8 29. a6 Kc7 30. g4 Kd7 31. g5 Bf8 32. Kg3 h6
33. Kg4 Ke8 34. h4 hxg5 {[#]} 35. h5 $1 Bh6 36. Nd2 Kd7 37. Nb3 Kd8 38. Na5 Kc7
39. Nb7 Kd7 40. Nd6 Ke7 41. Nc8+ Kd7 42. Nxa7 Kc7 43. a4 1-0